000 00479nam a22001457a 4500
003 MACL
005 20170705123640.0
008 170705b xxu||||| |||| 00| 0 eng d
040 _cMACL
100 _aशर्मा, राधेश्‍याम 'गौंड़ '
_968043
245 _aसंस्‍कृत शिक्षण
260 _aजयपुर
_bपुनीत प्रकाशन
_c2008
650 _aव्‍याकरण
_950137
942 _2ddc
_cHIN
999 _c56703
_d56703